Представление документа в формате MARC21

Поле Инд. ПП Название Значение
Тип записи a
Библиографический уровень m
001 Контрольный номер 6338c49e-0525-4329-8aee-f6cef78d3b49
005 Дата корректировки 20140703171334.9
008 Кодируемые данные 081118
020 a ISBN 978-5-9708-0130-7
c Цена, тираж 100.00
040 a Служба первич. каталог. НБ ТвГУ
041 a Код языка текста rus
080 a Индекс УДК 94(47).084.8
084 a Индекс другой классификации/Индекс ББК Т3(2)622,61
090 x Авторский знак Е74
a Полочн. индекс Т3(2)622
100 1_ a Автор Ермолов И. Г.
245 00 a Заглавие История Локотского округа и Русской Освободительной Народной Армии
c Ответственность И. Г. Ермолов
260 1_ a Место издания Орел
b Издательство [б. и.]
c Дата издания 2008
300 a Объем 167 с.
b Иллюстрации/ тип воспроизводства ил., портр., табл.
c Размеры 21 см
440 a Серия Истории русской провинции : ист.- просветит. журн.
490 _0 v N тома ¦ 41
504 a Библиография Библиогр.: с. 165-167 и в подстроч. примеч.
583 a Действие Получение впервые 282 18.11.2008
k Исполнитель действия Дар Ермолова И.Г.
650 a Основная рубрика Великая Отечественная война
x Основная подрубрика История
y Хронологическая подрубрика 1941-1945 гг.
z Географическая подрубрика СССР
650 a Основная рубрика Локотская республика
z Географическая подрубрика Локоть, поселок
650 a Основная рубрика Русская Освободительная Народная Армия
653 a Ключевые слова Воскобойник
a Ключевые слова Русская Освободительная Народная Армия
a Ключевые слова РОНА
a Ключевые слова История СССР
a Ключевые слова История России
a Ключевые слова История Великой Отечественной войны
a Ключевые слова Локотская республика
852 t Порядковый номер экземпляра 1
p Инвентарный номер 921831
863 t 00188949
888 a Бесплатные
952 p 282.2008 100.00 1 921831
c Вид литературы К рн
954 a Дата поступления на обработку 20081125
999 a Подразделение 2 ч.з.